LEADER 01073nam a2200265 i 4500 001 000000115094 003 CaOOAMICUS 005 20030513000000.0 008 030513s1976 it u000 u ita u 013 $a87782 040 $aSeMil$bita 100 1 $aCerfaux, Lucien <1883-1968>.$0(OLS)http://semarc/name/4185 240 12$aL'itineraire spirituel de saint Paul.$0(OLS)http://semarc/title/168453 245 12$aL'itinerario spirituale di Paolo /$cLucien Cerfaux. 260 $aGenova :$bMarietti,$c1976. 300 $a156 p. :$b[2] p. di c. geogr. ;$c25 cm. 490 0 $aCollana biblica [Marietti] 500 $aFondo Card. C.M. Martini. 650 4$aPaolo - Spiritualitą.$0(OLS)http://semarc/subject/21028 830 0$aCollana biblica.$0(OLS)http://semarc/title/6553 850 $aSeMil 852 $aSeMil$W1$xVenegono$y1$m2W IV 43$j70631$B70631$CSeMilBibl$Z2$F100322 $81 941 1 $a4 996 $6245$aL'itinerario spirituale di Paolo$9(OLS)http://semarc/title/168452 996 $6260$aGenova :$bMarietti$9(OLS)http://semarc/publisher/29997 LEADER 00984nam a2200253 i 4500 001 000000120022 003 CaOOAMICUS 005 20031111000000.0 008 031111n it u000 u ita u 013 $a92716 040 $aSeMil$bita 245 10$aVai nella grande cittą e grida :$bl'educazione alla fede in Agesci. 260 $aRoma :$bNuova Fiordaliso,$c[s.d.] 300 $a193 p. :$bill. ;$c21 cm. 490 0 $aOrientamenti 500 $aFondo Card. C.M. Martini. 650 4$aScoutismo - Fede - Educazione.$0(OLS)http://semarc/subject/20889 830 0$aOrientamenti.$0(OLS)http://semarc/title/4350 850 $aSeMil 852 $aSeMil$W1$xVenegono$y1$m2Q II 30$j75229$B75229$CSeMilBibl$Z2$F97594 $81 941 1 $a4 961 $aOmaggio: Martini Card. Carlo Maria 996 $6245$aVai nella grande cittą e grida :$bl'educazione alla fede in Agesci$9(OLS)http://semarc/title/176538 996 $6260$aRoma :$bNuova Fiordaliso$9(OLS)http://semarc/publisher/31776